Marschner's mineral nutrition of higher plants.

Zapisane w:
Opis bibliograficzny
Kolejni autorzy: Marschner, Petra (Redaktor)
Format: Książka
Język:angielski
Wydane: Amsterdam, The Netherlands: Elsevier; Academic Press, 2012.
Wydanie:Third edition.
Hasła przedmiotowe:
Etykiety: Dodaj etykietę
Nie ma etykietki, Dołącz pierwszą etykiete!

MARC

LEADER 00000cam a2200000 a 4500
001 UCE1984
003 CL-VaPUC
005 20241009104635.0
008 140529e20120000ne |||||||||||||||||eng|d
999 |c 355667  |d 355665 
020 |a 9780123849052 
040 |c Pontificia Universidad Católica de Valparaíso 
082 0 4 |a 631.8 MAR 2012  |2 21 
100 |a Marschner, Petra  |e editor  |9 574437 
245 1 0 |a Marschner's mineral nutrition of higher plants. 
250 |a Third edition.  
260 0 3 |a Amsterdam, The Netherlands:  |b Elsevier;  |b Academic Press,   |c 2012. 
300 |a 651 páginas. 
583 |a last modification  |c 20140529 12:24:00  |k Rodrigo Vera 
650 0 |a Nutrición vegetal  |x Nutrición  |9 356885 
650 0 |a Fisiología vegetal  |9 262833 
650 0 |a Química de suelos  |9 259682 
650 0 |a Plantas superiores  |9 260158 
942 |c BK  |2 ddc 
945 |d 20140529 12:24:00  |a dcastane 
952 |0 0  |1 0  |2 ddc  |3 erd  |4 0  |6 631_800000000000000_MAR_2012  |7 0  |8 A  |9 462452  |a BIBAGR  |b BIBAGR  |i 5081165  |o 631.8 MAR 2012  |p 5081165  |r 2025-01-20  |t 1  |w 2019-11-23  |y BK  |z Catalogado en:20140529  |k AGR 
952 |0 0  |1 0  |2 ddc  |3 erd  |4 0  |6 631_800000000000000_MAR_2012  |7 0  |8 A  |9 462453  |a BIBAGR  |b BIBAGR  |i 5081173  |o 631.8 MAR 2012  |p 5081173  |r 2025-01-20  |t 2  |w 2019-11-23  |y BK  |z Catalogado en:20140529  |k AGR 
952 |0 0  |1 0  |2 ddc  |4 0  |6 631_800000000000000_MAR_2012  |7 0  |8 A  |9 584342  |a BIBAGR  |b BIBAGR  |c GEN  |d 2022-07-05  |e 74  |g 98641.00  |i 5652449  |o 631.8 MAR 2012  |p 5652449  |r 2025-01-20  |t 3  |v 98641.00  |w 2022-07-05  |y BK  |k AGR 
952 |0 0  |1 0  |2 ddc  |4 0  |6 631_800000000000000_MAR_2012  |7 0  |8 A  |9 584343  |a BIBAGR  |b BIBAGR  |c GEN  |d 2022-07-05  |e 74  |g 98641.00  |i 5652450  |o 631.8 MAR 2012  |p 5652450  |r 2025-01-20  |t 4  |v 98641.00  |w 2022-07-05  |y BK  |k AGR